Statistiken für Schweiz-Quiz

Klicken Sie hier um das Quiz zu spielen!

Allgemein

  • Dieses Quiz wurde 1,594 mal gespielt
  • Das Durchschnittsergebnis liegt bei 17 aus 24

Antwortstatistiken

Hinweis Antwort % Korrekt
HauptstadtBern
100%
AmtssprachenDeutsch
100%
AmtssprachenFranzösisch
99%
Grösste StadtZürich
98%
AmtssprachenItalienisch
97%
Die Schweiz ist in 26 von
diesen unterteilt
Kantone
95%
WährungFranken
93%
Alpine Form des SingensJodeln
89%
Berühmtester TennisspielerRoger Federer
81%
Berühmter Berg nahe ZermattMatterhorn
80%
Längster FlussRhein
77%
ApfelschiesserWilhelm Tell
75%
AmtssprachenRätoromanisch
74%
Grösster SeeGenfersee
74%
Grösster EssensherstellerNestlé
72%
Stereotypische Uhr mit einem Vogel darinKuckucksuhr
69%
Grösste UhrenmacherRolex
67%
Sitz des Internationalen Olympischen KomiteesLausanne
52%
Grösste BankenUBS
45%
Fiktive Frau, die die Schweiz versinnbildlichtHelvetia
43%
Gastgeberstadt der Olympischen WinterspieleSt. Moritz
40%
Grösste BankenCredit Suisse
40%
Philosoph, der die Französische
Revolution beeinflusst hat
Jean-Jacques
Rousseau
23%
Grösste UhrenmacherOmega
22%

Verteilung der Resultate

Perzentil nach korrekt beantworteten Fragen

Anzahl Personen mit jedem Resultat

Ihre Resultats-Entwicklung

Sie haben dieses Quiz noch nicht gespielt